Vista normal
Vista MARC
Entrada Materia (personas)
Número de registros utilizados en: 1
001 - CONTROL NUMBER
- control field: 50490
003 - CONTROL NUMBER IDENTIFIER
- control field: Co-BoUCM
005 - DATE AND TIME OF LATEST TRANSACTION
- control field: 20131114150704.0
008 - FIXED-LENGTH DATA ELEMENTS
- fixed length control field: 131114|| aca||aabn | a|a d
040 ## - CATALOGING SOURCE
- Original cataloging agency: Co-BoUCM
- Transcribing agency: Co-BoUCM
100 ## - HEADING--PERSONAL NAME
- Personal name: Botero Zuluaga, Gerardo
670 ## - SOURCE DATA FOUND
- Source citation: Work cat.: (Co-BoUCM)39078: Botero Zuluaga, Gerardo, Guía teórica y práctica de derecho procesal del trabajo y de la seguridad social, 2008